Capitales del mundo - ¡Muerte súbita! - Estadísticas

Estadísticas generales
  • Esta prueba ha sido intentada 5.775 veces
  • La puntuación promedio es 25 de 100
Answers on the Grid
Answers color-coded by a green-red scale on the quiz's grid according to % correct below.
Shanghái
Wuhan
Mumbai
Delhi
Ibadán
San Luis
São Paulo
Chongqing
Tianjin
Lagos
Manaus
Durban
Osaka
Sapporo
Karachi
Lahore
Calcuta
Bangalore
Estambul
Esmirna
Los Ángeles
Houston
Ciudad Ho Chi Minh
Surabaya
Dar es-Salam
Guiza
Dubái
Odesa
Guadalajara
León
San Petersburgo
Rostov del Don
Abiyán
Birmingham
Sydney
Perth
Barcelona
Valencia
Melbourne
Brisbane
Toronto
Vancouver
La Meca
Yeda
Alepo
Mashhad
Casablanca
Marrakech
Alma Ata
Bonn
Rangún
Fez
Zúrich
Ginebra
Ciudad de Belice
Linz
Serravalle
Durrës
Montreal
Salónica
Cuzco
Rosario
La Plata
Nizhni Nóvgorod
Río de Janeiro
Porto Alegre
Oporto
Braga
Marsella
Lyon
Mánchester
Glasgow
Milán
Ufá
Brno
Cluj-Napoca
Fráncfort del Meno
Hamburgo
Malmö
Gotemburgo
Cracovia
Gdańsk
Varna
Calgary
Alejandría
Mosul
Bengasi
Járkov
Johannesburgo
Múnich
Medellín
Cali
Yokohama
Nagoya
Róterdam
Amberes
Novi Sad
Cork
Nueva York
Bangalore
Ciudad de Kuwait
Amán
Andorra la Vieja
Asmara
Basseterre
Bogotà
Brasilia
Bratislava
Bridgetown
Canberra
Castries
Ciudad de San Marino
Conakri
Dodoma
Harare
Kabul
Katmandú
Lilongüe
Lima
Londres
Manama
Mascate
Yamena
Nairobi
Naipyidó
Ngerulmud
Nuakchot
Uagadugú
Palikir
Ciudad de Panamá
París
Port Louis
Puerto España
Puerto Príncipe
Roma
Roseau
Saint George
Saint John
Skopie
Sri Jayawardenapura Kotte
Suva
Taskent
Tegucigalpa
Timbu
Tripoli
Ulán Bator
Vientián
Wellington
Yamusukro
Yaoundé
Beirut
Asunción
Saná
Caracas
Funafuti
Dili
Bangkok
Estocolmo
Paramaribo
Yuba
Liubliana
Victoria
Belgrado
Honiara
Doha
Puerto Moresby
Islamabad
Oslo
Niamey
Mónaco
Ciudad de México
Malé
Vilna
Monrovia
Riga
Biskek
Reikiavik
Bisáu
Malabo
Atenas
Berlin
Helsinki
Manila
Adís Abeba
Quito
Zagreb
Kinsasa
Moroni
Bangui
Guitega
Nom Pen
Sofia
Belmopan
Porto Novo
Daca
Nasáu
Ereván
Buenos Aires
Luanda
Tirana
 
Estadísticas de respuestas
Respuesta % Correcto
Buenos Aires
35%
Roma
35%
Londres
34%
Zagreb
34%
Helsinki
33%
Mónaco
33%
Oslo
33%
Sofia
33%
Atenas
32%
Bangkok
32%
Bogotà
32%
Brasilia
32%
Ciudad de México
32%
Lima
32%
Quito
32%
Reikiavik
32%
Riga
32%
Tirana
32%
Belgrado
31%
Berlin
31%
Canberra
31%
Caracas
31%
Estocolmo
31%
Doha
30%
París
30%
Skopie
30%
Andorra la Vieja
29%
Bratislava
29%
Ciudad de Panamá
29%
Manila
29%
Nairobi
29%
Asunción
28%
Liubliana
28%
Tripoli
28%
Ciudad de San Marino
27%
Kabul
27%
Tegucigalpa
27%
Vilna
27%
Beirut
26%
Belmopan
26%
Katmandú
26%
Wellington
26%
Daca
25%
Islamabad
25%
Paramaribo
25%
Puerto Príncipe
25%
Ulán Bator
25%
Adís Abeba
24%
Ereván
24%
Puerto España
24%
Porto Novo
23%
Vientián
23%
Amán
22%
Bisáu
22%
Ciudad de Kuwait
22%
Kinsasa
22%
Luanda
22%
Malé
22%
Roseau
22%
Saint George
22%
Saint John
22%
Sri Jayawardenapura Kotte
22%
Asmara
21%
Biskek
21%
Dili
21%
Malabo
21%
Mascate
21%
Nasáu
21%
Nom Pen
21%
Saná
21%
Suva
21%
Uagadugú
21%
Yaoundé
21%
Basseterre
20%
Bridgetown
20%
Conakri
20%
Manama
20%
Monrovia
20%
Naipyidó
20%
Niamey
20%
Port Louis
20%
Taskent
20%
Timbu
20%
Castries
19%
Lilongüe
19%
Nuakchot
19%
Yamusukro
19%
Yuba
19%
Dodoma
18%
Harare
18%
Puerto Moresby
18%
Victoria
18%
Bangui
17%
Moroni
17%
Yamena
17%
Funafuti
16%
Honiara
16%
Palikir
16%
Ngerulmud
15%
Guitega
14%
No se encontraron pruebas coincidentes
Distribución de puntuación
Porcentaje de gente con cada puntuación
Porcentaje por número respondido
Historial de tus puntuaciones
No has intentado esta prueba.